000 00930nac a22002657a 4500
001 BR7801174
003 BR-BrBNA
005 20240105114213.0
008 230509b bl.|||m| |||| 00| 0 por d
040 _aBR-BrBNA
_bpor
_cBiblioteca Nacional de Agricultura
072 _aM10; M00
090 _a8180 BR7801174
100 1 _aAragao, J.A.N.
110 1 _aPrograma de Pesquisa e Desenvolvimento Pesqueiro do Brasil, Brasilia, DF
_97975
245 1 _aInformacoes preliminares sobre a pesca industrial de atuns no nordeste do Brasil
260 3 _aBrasilia, DF (Brasil):
_c1977.
300 _a16 p.
490 _aDocumentos Ocasionais - Programa de Pesquisa e Desenvolvimento Pesqueiro do Brasil (Brazil)
_vno. 25
_x
500 _a7 illus.; 8 ref.; Summaries (En, Pt)
650 _aPESCA MARINHA
650 _aATUM
650 _aREGIAO NORDESTE
909 _a202312
_bLúcia Elande
_c55
_dLúcia Elande
942 _2AGRIS
_n0
_cMS
999 _c267996
_d267996